000 00258nam a2200121Ia 4500
008 190216s9999||||xx |||||||||||||| ||und||
100 _aNull
245 0 _aHindi-Kishor Kathayem
260 _bShadana Kenthr
300 _a80
650 _aHindi
942 _cBK
999 _c16194
_d16194